| 000 | 00714nam a2200193Ii 4500 | ||
|---|---|---|---|
| 003 | JO-AjNU | ||
| 008 | 230605s9999||||xx |||||||||||||| ||und|| | ||
| 040 |
_aJO-AjNU _bara _erda _cJO-AjNU |
||
| 041 | _aara | ||
| 050 | 1 | 4 | _aBP188.15 |
| 100 | 3 |
_aحشيمة،سامر محي الدين ؛ تحقيق: أحمد إسماعيل أبو مشرف, _eauthor _913840 |
|
| 245 | 0 | 0 | _aمواعظ الجالسين من قصص الصالحين: 159 قصة من قصص الصالحين |
| 264 | 3 | 1 | _aد.م: د.ن، د.ت |
| 300 | _a96ص | ||
| 336 |
_atext _btxt _2rdacontent |
||
| 337 |
_aunmediated _bn _2rdamedia |
||
| 338 |
_avolume _bnc _2rdacarrier |
||
| 650 | 4 |
_aالوعظ والارشاد- القصص الدينية _913841 |
|
| 999 |
_aA3549 _c7117 _d7117 |
||